[Event "16th ch-EUR Indiv w 2015"]
[Site "Chakvi GEO"]
[Date "2015.05.29"]
[Round "10.26"]
[White "Gvetadze, Sofio"]
[Black "Gevorgyan, Maria"]
[Result "1-0"]
[WhiteTitle "IM"]
[BlackTitle "WFM"]
[WhiteElo "2319"]
[BlackElo "2190"]
[WhiteFideId "13601440"]
[BlackFideId "13300270"]
[EventDate "2015.05.19"]

1. e4 e5 2. Nf3 Nf6 3. Nxe5 d6 4. Nf3 Nxe4 5. d3 Nf6 6. d4 d5 7. Bd3 Bd6 8. O-O
O-O 9. h3 h6 10. Re1 c5 11. c3 Nc6 12. dxc5 Bxc5 13. Nbd2 Qd6 14. b4 Bb6 15. Nc4
Qd8 16. Nxb6 Qxb6 17. b5 Nd8 18. Be3 Qa5 19. Bd4 Nd7 20. Qb3 Ne6 21. Qxd5 Nxd4
22. cxd4 Nf6 23. Qb3 Be6 24. Rxe6 fxe6 25. Qxe6+ Kh8 26. Ne5 Rfe8 27. Nf7+ Kg8
28. Nxh6+ Kh8 29. Qg8+ 1-0

[Event "16th ch-EUR Indiv w 2015"]
[Site "Chakvi GEO"]
[Date "2015.05.29"]
[Round "10.27"]
[White "Mammadova, Gulnar"]
[Black "Vakhania, Alexandra"]
[Result "1/2-1/2"]
[WhiteTitle "WGM"]
[WhiteElo "2293"]
[BlackElo "2130"]
[WhiteFideId "13403508"]
[BlackFideId "13602560"]
[EventDate "2015.05.19"]

1. e4 c6 2. d4 d5 3. Nc3 g6 4. h3 Bg7 5. Nf3 dxe4 6. Nxe4 Nf6 7. Bd3 O-O 8. O-O
Nxe4 9. Bxe4 Be6 10. c3 Bd5 11. Bc2 Nd7 12. Re1 Re8 13. Bg5 b5 14. h4 f6 15. Bf4
e5 16. dxe5 Nxe5 17. Bxe5 fxe5 18. Be4 Bxe4 19. Rxe4 Qd5 20. Qb3 Rad8 21. Rae1
a5 22. Nd4 a4 23. Qxd5+ cxd5 24. R4e2 Rd7 25. Nxb5 Rb8 26. Na3 Rdb7 27. c4 Rxb2
28. cxd5 R8b4 29. d6 Rxe2 30. Rxe2 Rxh4 31. Rc2 Bf6 32. Rc7 Rd4 33. Nc4 Bd8 34.
Rc8 Kg7 35. Kf1 Kf6 36. Rc5 e4 37. Ke2 Ke6 38. Re5+ Kd7 39. Rc5 Ke6 40. Ke3 Bf6
41. a3 h5 42. g3 g5 43. Rc8 h4 44. gxh4 gxh4 45. Re8+ Kf5 46. Nd2 Rd3+ 47. Ke2
Rxd6 48. Nxe4 Rd4 49. Ke3 Rd1 50. Nxf6 Kxf6 51. Rh8 Kg5 52. f4+ Kg4 53. Rg8+ Kh3
54. f5 Rf1 55. Ke4 Kh2 56. Ke5 Re1+ 57. Kd6 Rd1+ 58. Ke6 Re1+ 59. Kd6 Rd1+ 1/2-1/2

[Event "16th ch-EUR Indiv w 2015"]
[Site "Chakvi GEO"]
[Date "2015.05.29"]
[Round "10.28"]
[White "Balajayeva, Khanim"]
[Black "Umudova, Nargiz"]
[Result "0-1"]
[WhiteTitle "WCM"]
[BlackTitle "WIM"]
[WhiteElo "2130"]
[BlackElo "2275"]
[WhiteFideId "13406396"]
[BlackFideId "13402137"]
[EventDate "2015.05.19"]

1. e4 c5 2. c3 d6 3. d4 Nf6 4. Bd3 g6 5. Nf3 Bg7 6. O-O O-O 7. h3 Qc7 8. Be3 e5
9. Na3 a6 10. Nc4 Rd8 11. dxe5 dxe5 12. Qe2 b5 13. Ncd2 c4 14. Bc2 Bb7 15. Nh2
Nbd7 16. Ng4 Nh5 17. b3 Nf4 18. Bxf4 exf4 19. bxc4 h5 20. Nh2 Bxc3 21. Rad1 Bxd2
22. Rxd2 bxc4 23. Rfd1 Ne5 24. Nf3 Nxf3+ 25. Qxf3 Rxd2 26. Rxd2 Qe5 27. Kh2 Re8
28. Re2 f5 29. g3 fxg3+ 30. fxg3 fxe4 31. Qe3 Kg7 0-1

[Event "16th ch-EUR Indiv w 2015"]
[Site "Chakvi GEO"]
[Date "2015.05.29"]
[Round "10.29"]
[White "Osmanodja, Filiz"]
[Black "Zaksaite, Salomeja"]
[Result "0-1"]
[WhiteTitle "WIM"]
[BlackTitle "WIM"]
[WhiteElo "2352"]
[BlackElo "2203"]
[WhiteFideId "24633569"]
[BlackFideId "12801496"]
[EventDate "2015.05.19"]

1. e4 e5 2. Nf3 Nc6 3. Bb5 a6 4. Ba4 Nf6 5. O-O Be7 6. Re1 b5 7. Bb3 d6 8. c3
O-O 9. h3 Na5 10. Bc2 c5 11. d4 Qc7 12. Nbd2 Nc6 13. d5 Nd8 14. b3 Ne8 15. Bb2
g6 16. a4 Rb8 17. axb5 axb5 18. Nh2 Ng7 19. Ra2 f5 20. c4 b4 21. f4 exf4 22. Qa1
Bh4 23. Rf1 fxe4 24. Nxe4 Nh5 25. Bd1 Qe7 26. Bxh5 Qxe4 27. Bh8 Rb7 28. Ng4 Bxg4
29. Bxg4 h5 30. Bd1 Rbf7 31. Re2 Qf5 32. Bc2 Qg5 33. Rf3 Kh7 34. Bb2 Re7 35. Re4
Rfe8 36. Qb1 Bg3 37. Bc1 Rxe4 38. Bxe4 Nf7 39. Bb2 Qh6 40. Rf1 Qg5 41. Qc2 Kh6
42. Ra1 Qe7 43. Bd3 Qe3+ 44. Kh1 Ng5 45. Rf1 Ne4 46. Bxe4 Rxe4 47. Qb1 Qe1 48.
Bf6 Qxb1 49. Rxb1 g5 50. Bd8 g4 51. hxg4 hxg4 52. Rf1 Re3 53. Bc7 f3 54. gxf3
gxf3 55. Rb1 f2 56. Rf1 Re1 57. Kg2 Rxf1 58. Kxf1 Kg5 59. Kg2 Kf5 60. Bxd6 Bxd6
61. Kxf2 Ke4 62. Ke2 Kd4 63. Kd2 Bf8 64. Kc2 Ke3 65. Kb2 Kd3 0-1

[Event "16th ch-EUR Indiv w 2015"]
[Site "Chakvi GEO"]
[Date "2015.05.29"]
[Round "10.30"]
[White "Kursova, Maria"]
[Black "Kasoshvili, Tsiala"]
[Result "1-0"]
[WhiteTitle "WGM"]
[BlackTitle "WIM"]
[WhiteElo "2267"]
[BlackElo "2179"]
[WhiteFideId "4129709"]
[BlackFideId "13600354"]
[EventDate "2015.05.19"]

1. d4 d5 2. Nf3 c6 3. c4 e6 4. Qc2 Nf6 5. e3 Nbd7 6. Nc3 Be7 7. b3 O-O 8. Bd3 b6
9. O-O Bb7 10. Bb2 Rc8 11. Rfd1 Qc7 12. Rac1 Qb8 13. Qe2 Rfe8 14. Ne5 Nf8 15. f4
dxc4 16. bxc4 c5 17. d5 a6 18. e4 exd5 19. cxd5 b5 20. a3 c4 21. Bb1 Bc5+ 22.
Kh1 Qd6 23. Qf3 Qe7 24. Ne2 Nxd5 25. exd5 f6 26. Ng3 fxe5 27. fxe5 Rcd8 28. Be4
Qg5 29. Rf1 Bc8 30. e6 Nxe6 31. dxe6 Bxe6 32. Rce1 Rf8 33. Bxh7+ Kh8 34. Qe4 Bf2
35. Bc1 Qf6 36. Bg6 Bd5 37. Qg4 Kg8 38. Qh5 Bxg2+ 39. Kxg2 Qc6+ 40. Re4 Qe8 1-0

[Event "16th ch-EUR Indiv w 2015"]
[Site "Chakvi GEO"]
[Date "2015.05.29"]
[Round "10.33"]
[White "Hairapetian, Anna"]
[Black "Belenkaya, Dina"]
[Result "1-0"]
[WhiteTitle "WIM"]
[BlackTitle "WFM"]
[WhiteElo "2192"]
[BlackElo "2235"]
[WhiteFideId "13303554"]
[BlackFideId "24142654"]
[EventDate "2015.05.19"]

1. e4 c6 2. d4 d5 3. exd5 cxd5 4. Bd3 Nc6 5. c3 Qc7 6. h3 Nf6 7. Nf3 g6 8. O-O
Bf5 9. Bxf5 gxf5 10. Qd3 e6 11. Ne5 Bd6 12. Bf4 Nh5 13. Bh2 f6 14. Qe2 Ng7 15.
Nf3 f4 16. c4 O-O-O 17. cxd5 exd5 18. Nc3 Qf7 19. Rfc1 Rhg8 20. Qd3 Qh5 21. Nb5
Bb8 22. Nxa7+ Bxa7 23. Rxc6+ bxc6 24. Qa6+ Kd7 25. Qxa7+ Ke6 26. Bxf4 Ne8 27.
Re1+ Kf5 28. Qe7 Kxf4 29. Qe3+ Kf5 30. Qe6+ Kf4 31. Qxg8 Qg6 32. g3+ Kxf3 33.
Re3# 1-0

[Event "16th ch-EUR Indiv w 2015"]
[Site "Chakvi GEO"]
[Date "2015.05.29"]
[Round "10.34"]
[White "Choladze, Mariam"]
[Black "Khomeriki, Nino"]
[Result "1/2-1/2"]
[BlackTitle "WFM"]
[WhiteElo "1989"]
[BlackElo "2228"]
[WhiteFideId "13600931"]
[BlackFideId "13603191"]
[EventDate "2015.05.19"]

1. e4 e6 2. d4 d5 3. Nd2 Nf6 4. e5 Nfd7 5. Bd3 c5 6. c3 Nc6 7. Ne2 cxd4 8. cxd4
f6 9. exf6 Nxf6 10. O-O Bd6 11. Nf3 Qc7 12. Bg5 O-O 13. Bh4 Nh5 14. Qc2 h6 15.
Bh7+ Kh8 16. Bg6 Rxf3 17. Bxh5 Rf8 18. Bg3 e5 19. dxe5 Bxe5 20. Rad1 Be6 21.
Rfe1 Qb6 22. Nc3 Bxg3 23. hxg3 Bf5 24. Qe2 d4 25. Nd5 d3 26. Qd2 Qc5 27. Nf4 Rf6
28. Qe3 Qa5 29. g4 Bh7 30. Nxd3 Raf8 31. g5 hxg5 32. Bf3 Qxa2 33. Nc5 Rh6 34.
Ne6 Re8 35. Bd5 Qxb2 36. Nxg5 Rxe3 37. Rxe3 g6 38. Bxc6 bxc6 39. Nf7+ Kg7 40.
Nxh6 Kxh6 41. Rh3+ Kg5 42. Rxh7 a5 43. Rh3 a4 44. Rdd3 c5 45. Rd5+ Kf6 46. Rxc5
a3 47. Rc6+ Kg7 48. Ra6 1/2-1/2

[Event "16th ch-EUR Indiv w 2015"]
[Site "Chakvi GEO"]
[Date "2015.05.29"]
[Round "10.35"]
[White "Baraeva, Marina"]
[Black "Khmiadashvili, Tamar"]
[Result "1-0"]
[WhiteTitle "WIM"]
[BlackTitle "WGM"]
[WhiteElo "2204"]
[BlackElo "2043"]
[WhiteFideId "24142573"]
[BlackFideId "13600346"]
[EventDate "2015.05.19"]

1. d4 d5 2. Nf3 c6 3. c4 Nf6 4. Nc3 g6 5. e3 Bg7 6. Be2 O-O 7. O-O a6 8. Ne5 Ne8
9. f4 f6 10. Nf3 b5 11. cxd5 cxd5 12. Qb3 e6 13. a4 bxa4 14. Nxa4 Nd7 15. Bd2
Rb8 16. Qa2 Nd6 17. Rfc1 Re8 18. Nc5 Nc4 19. Bxc4 Nxc5 20. dxc5 dxc4 21. Rxc4
Qd5 22. e4 Qc6 23. b4 e5 24. Qa4 Qe6 25. fxe5 fxe5 26. Rc3 Rd8 27. Ng5 Rxd2 28.
Nxe6 Bxe6 29. Qxa6 Bg4 30. h3 Bc8 31. Qc4+ Kh8 32. Rd3 Be6 33. Qc3 Rxd3 34. Qxd3
Bf6 35. Qd6 Re8 36. b5 Kg7 37. b6 Be7 38. Qxe5+ Kh6 39. b7 1-0

[Event "16th ch-EUR Indiv w 2015"]
[Site "Chakvi GEO"]
[Date "2015.05.30"]
[Round "11.1"]
[White "Zhukova, Natalia"]
[Black "Danielian, Elina"]
[Result "1-0"]
[WhiteTitle "GM"]
[BlackTitle "GM"]
[WhiteElo "2456"]
[BlackElo "2458"]
[WhiteFideId "14101513"]
[BlackFideId "13300210"]
[EventDate "2015.05.19"]

1. c4 Nf6 2. Nc3 e6 3. e4 c5 4. e5 Ng8 5. Nf3 Nc6 6. d4 cxd4 7. Nxd4 Nxe5 8.
Ndb5 a6 9. Nd6+ Bxd6 10. Qxd6 f6 11. Be3 Ne7 12. Bb6 Nf5 13. Qb4 Nc6 14. Qc5 d6
15. Bxd8 dxc5 16. Bb6 Bd7 17. O-O-O Ne5 18. Ne4 Bc6 19. Nxc5 Kf7 20. h4 h5 21.
Rh3 Rac8 22. Rc3 Nxh4 23. f4 Ng4 24. g3 Nf5 25. Nxb7 h4 26. gxh4 Rxh4 27. Nd8+
Kg6 28. Nxe6 Rb8 29. Bc5 Rh2 30. Bd3 Rbxb2 31. Nd4 Bd7 32. Nf3 Rxa2 33. Nxh2
Rxh2 34. Be4 Be6 35. Bg1 Rh8 36. Rg3 Rh4 37. c5 Kf7 38. Ra3 Ngh6 39. Rf3 Ne7 40.
Re1 Nhf5 41. Bf2 Rh2 42. Bg1 Rh4 43. Kb2 g6 44. c6 Nd6 45. c7 Ne8 46. Bb6 Nc8
47. Bxg6+ Kxg6 48. Rxe6 Kf7 49. Rc6 Ke7 50. Ba5 Kd7 51. Rxa6 Rh5 52. Rd3+ Ke7
53. Rd8 Rb5+ 54. Ka3 Rxa5+ 55. Rxa5 Ned6 56. Ra8 1-0

[Event "16th ch-EUR Indiv w 2015"]
[Site "Chakvi GEO"]
[Date "2015.05.30"]
[Round "11.2"]
[White "Goryachkina, Aleksandra"]
[Black "Batsiashvili, Nino"]
[Result "0-1"]
[WhiteTitle "WGM"]
[BlackTitle "IM"]
[WhiteElo "2474"]
[BlackElo "2473"]
[WhiteFideId "4147103"]
[BlackFideId "13602993"]
[EventDate "2015.05.19"]

1. d4 f5 2. Nf3 Nf6 3. c4 g6 4. g3 Bg7 5. Bg2 O-O 6. O-O d6 7. Nc3 c6 8. Rb1 Qe8
9. b4 e5 10. dxe5 dxe5 11. e4 f4 12. Ba3 Nh5 13. b5 Rf6 14. Qd3 Bg4 15. h3 Bxf3
16. Bxf3 fxg3 17. Bxh5 gxh5 18. Rbd1 g2 19. Kxg2 Rf7 20. Ne2 h4 21. Rg1 Nd7 22.
Kf1 Qe6 23. Rg5 Nb6 24. Qd8+ Qe8 25. Qxe8+ Rxe8 26. bxc6 Nxc4 27. Bc1 bxc6 28.
Rf5 Rxf5 29. exf5 Kf7 30. Bg5 Bf6 31. Bxf6 Kxf6 32. Ke1 Rb8 33. Nc3 Rb7 34. Rd8
Kxf5 35. Rc8 Na5 36. Rg8 Rb2 37. Rg7 Rc2 38. Rxa7 Rxc3 39. Rxa5 Rxh3 40. Ra7
Rh1+ 41. Ke2 h5 42. Rh7 Kg6 43. Re7 h3 44. Re6+ Kf5 45. Rh6 Kg5 0-1

[Event "16th ch-EUR Indiv w 2015"]
[Site "Chakvi GEO"]
[Date "2015.05.30"]
[Round "11.3"]
[White "Socko, Monika"]
[Black "Girya, Olga"]
[Result "1/2-1/2"]
[WhiteTitle "GM"]
[BlackTitle "WGM"]
[WhiteElo "2467"]
[BlackElo "2479"]
[WhiteFideId "1106619"]
[BlackFideId "4195752"]
[EventDate "2015.05.19"]

1. d4 Nf6 2. c4 e6 3. Nf3 d5 4. e3 b6 5. Nc3 Bd6 6. a3 O-O 7. Qc2 a6 8. b4 c5 9.
dxc5 bxc5 10. bxc5 Bxc5 11. cxd5 exd5 12. Be2 Be6 13. O-O Nbd7 14. Bb2 Qe7 15.
Rfc1 Rfb8 16. Na4 Bd6 17. Nd4 Qf8 18. f4 Nb6 19. Nxb6 Rxb6 20. Nxe6 fxe6 21. Bd4
Rbb8 22. Qa4 Qe7 23. Rc6 e5 24. fxe5 Bxe5 25. Bf3 Bxd4 26. Qxd4 Kh8 27. Re1 Rb3
28. a4 h6 29. a5 Ra3 30. Qb6 Re8 31. h3 Nd7 32. Qa7 d4 33. Qxd4 Ne5 34. Rc2
Nxf3+ 35. gxf3 Rxa5 36. Rg2 Re5 37. Kh2 Rd8 38. Qc3 Rc5 39. Qb2 Rg5 40. Rxg5
Qxg5 41. Rg1 Qe7 42. Rg6 Kh7 43. Qc2 Kh8 44. Qc3 Rd6 45. Qb4 Re6 46. Qxe7 Rxe7
47. Rxa6 1/2-1/2

[Event "16th ch-EUR Indiv w 2015"]
[Site "Chakvi GEO"]
[Date "2015.05.30"]
[Round "11.4"]
[White "Guseva, Marina"]
[Black "Gaponenko, Inna"]
[Result "1/2-1/2"]
[WhiteTitle "IM"]
[BlackTitle "IM"]
[WhiteElo "2391"]
[BlackElo "2391"]
[WhiteFideId "4149351"]
[BlackFideId "14101181"]
[EventDate "2015.05.19"]

1. d4 Nf6 2. c4 g6 3. Nc3 d5 4. Nf3 Bg7 5. e3 O-O 6. Bd2 c5 7. dxc5 Na6 8. cxd5
Nxc5 9. Bc4 Bf5 10. O-O a6 11. a4 Rc8 12. Be1 Nce4 13. Bb3 Nc5 14. Bc4 Nce4 15.
Bb3 Nc5 16. Bc4 1/2-1/2

[Event "16th ch-EUR Indiv w 2015"]
[Site "Chakvi GEO"]
[Date "2015.05.30"]
[Round "11.5"]
[White "Hoang, Thanh Trang"]
[Black "Kashlinskaya, Alina"]
[Result "0-1"]
[WhiteTitle "GM"]
[BlackTitle "IM"]
[WhiteElo "2472"]
[BlackElo "2423"]
[WhiteFideId "12400149"]
[BlackFideId "4198026"]
[EventDate "2015.05.19"]

1. d4 Nf6 2. Bg5 d5 3. e3 c5 4. Bxf6 gxf6 5. Nc3 Nc6 6. dxc5 e6 7. Qh5 Bxc5 8.
O-O-O Qe7 9. Bb5 Bd7 10. Nge2 O-O-O 11. g4 Kb8 12. Kb1 Ne5 13. Bxd7 Rxd7 14. e4
d4 15. Na4 Rc8 16. b3 Ba3 17. f4 Nc4 18. Rd3 Qb4 19. Nxd4 Nd2+ 20. Ka1 Rxd4 21.
c3 Qxa4 22. Rxd4 Nxb3+ 23. axb3 Qxb3 24. Rb1 Qxc3+ 25. Ka2 Bc5 26. Rxb7+ Kxb7
27. Qxf7+ Rc7 0-1

[Event "16th ch-EUR Indiv w 2015"]
[Site "Chakvi GEO"]
[Date "2015.05.30"]
[Round "11.7"]
[White "Melia, Salome"]
[Black "Savina, Anastasia"]
[Result "1-0"]
[WhiteTitle "IM"]
[BlackTitle "IM"]
[WhiteElo "2452"]
[BlackElo "2417"]
[WhiteFideId "13602446"]
[BlackFideId "4196872"]
[EventDate "2015.05.19"]

1. e4 e5 2. Nf3 Nc6 3. Bb5 Nf6 4. Qe2 Bd6 5. d3 a6 6. Ba4 b5 7. Bb3 Na5 8. d4
Nxb3 9. axb3 exd4 10. Nxd4 O-O 11. Nxb5 Nxe4 12. Nxd6 Nxd6 13. O-O Re8 14. Qd3
Bb7 15. Bf4 Re6 16. Nc3 Qf6 17. Bg3 Rae8 18. Ra4 Qg5 19. Rd4 Re1 20. Qd2 Rxf1+
21. Kxf1 Qg6 22. f3 Nf5 23. Rxd7 Nxg3+ 24. hxg3 Qxg3 25. Qe3 Rf8 26. Ne2 Qh2 27.
Qe7 h6 28. Rxc7 Bc8 29. Rc6 Qh1+ 30. Kf2 Qh2 31. Rd6 Bh3 32. Rd8 Qxg2+ 33. Ke3
Rxd8 34. Qxd8+ Kh7 35. Qd3+ g6 36. Qd5 Be6 37. Qe5 h5 38. Qg3 Qxg3 39. Nxg3 h4
40. Ne4 Kh6 41. Kf4 Kg7 42. c4 a5 43. Nc5 Kf6 44. Ne4+ Ke7 45. Ke3 f6 46. f4 Bc8
47. Nc5 Kd6 48. Ne4+ Ke6 49. f5+ gxf5 50. Nf2 Bb7 51. Nh3 Kd6 52. Nf4 Bg2 53.
Nxg2 h3 54. Nh4 Ke5 55. Nf3+ Kd6 56. Kf4 Kc5 57. Kxf5 Kb4 58. Kxf6 Kxb3 59. c5
Kxb2 60. c6 a4 61. c7 h2 62. Nxh2 a3 63. c8=Q a2 64. Qb7+ Ka1 65. Qh1+ Kb2 66.
Qg2+ Kb1 67. Qf1+ Kb2 68. Qe2+ Kb1 69. Qd1+ Kb2 70. Qd2+ Kb1 71. Qd1+ Kb2 72.
Qd4+ Kb1 73. Qb4+ Ka1 74. Qe1+ Kb2 75. Nf3 a1=Q 76. Qd2+ Kb3+ 77. Nd4+ Kc4 78.
Ke5 Qc3 79. Qa2+ Kb4 80. Qb1+ Ka3 81. Kd5 Qa5+ 82. Nb5+ Ka4 83. Ke4 1-0

[Event "16th ch-EUR Indiv w 2015"]
[Site "Chakvi GEO"]
[Date "2015.05.30"]
[Round "11.8"]
[White "Bodnaruk, Anastasia"]
[Black "Atalik, Ekaterina"]
[Result "1/2-1/2"]
[WhiteTitle "IM"]
[BlackTitle "IM"]
[WhiteElo "2402"]
[BlackElo "2392"]
[WhiteFideId "4181751"]
[BlackFideId "4130189"]
[EventDate "2015.05.19"]

1. e4 e6 2. d4 d5 3. Nc3 Bb4 4. e5 c5 5. a3 Ba5 6. Qg4 Ne7 7. Qxg7 Rg8 8. Qxh7
cxd4 9. b4 Bc7 10. Nb5 a6 11. Nxc7+ Qxc7 12. Ne2 Qxe5 13. Bb2 Qf6 14. f4 Nbc6
15. Qd3 Nf5 16. O-O-O Qh6 17. Kb1 Bd7 18. Rc1 Rc8 19. g3 Qh8 20. g4 Nd6 21. Nxd4
Nc4 22. Ba1 Qh4 23. Nf3 Qe7 24. Qb3 Rxg4 25. Bxc4 dxc4 26. Qxc4 e5 27. Qb3 Be6
28. Qe3 exf4 29. Qc3 a5 30. bxa5 Na7 31. Qh8+ Qf8 32. Qxf8+ Kxf8 33. Ne5 Rg2 34.
Rhf1 Nb5 35. Bb2 Nc3+ 36. Bxc3 Rxc3 37. Rxf4 Rc5 38. Rxf7+ Kg8 39. Rxb7 Rxe5 40.
Rd1 Bd5 41. Rb8+ Kh7 42. a6 Rg7 43. Rd4 Be4 44. Rdb4 Kh6 45. R8b6+ Kg5 46. Rc4
Kf5 47. Kb2 Ree7 48. Rb5+ Kf4 49. a4 Rc7 50. Kb3 Ra7 51. Rb6 Rac7 52. c3 Ke5 53.
Rxc7 Rxc7 54. Kb4 Rh7 55. Rb8 Kd6 56. Kb5 Rxh2 57. a7 Rb2+ 58. Kc4 Bd5+ 59. Kd3
Ra2 60. Rd8+ Kc7 61. a8=Q Bxa8 62. Rxa8 Kb7 63. Ra5 Kb6 64. Rb5+ Kc6 65. Rb4 Kc5
66. Rh4 Ra1 67. Kc2 Kb6 68. Rb4+ Ka5 69. Rb8 Ka6 70. Kb2 Rxa4 71. Kb3 Rg4 72. c4
Ka7 73. Rb5 Ka6 74. Kb4 Rg8 75. Kc5 Rc8+ 76. Kd4 Rd8+ 77. Rd5 Rc8 78. Rd6+ Kb7
79. Kd5 Rg8 80. Rd7+ Kc8 81. Re7 Rg6 82. Kc5 Rh6 83. Kb5 Rg6 84. Kc5 Rh6 85. Kd5
Rg6 86. Re6 Rxe6 87. Kxe6 Kc7 88. Kd5 Kd7 89. Kc5 Kc7 90. Kd5 Kd7 91. c5 Kc7 92.
c6 Kc8 93. Kc5 Kc7 94. Kb5 Kc8 95. Kb6 Kb8 96. c7+ Kc8 97. Kc6 1/2-1/2

[Event "16th ch-EUR Indiv w 2015"]
[Site "Chakvi GEO"]
[Date "2015.05.30"]
[Round "11.9"]
[White "Galliamova, Alisa"]
[Black "Sandu, Mihaela"]
[Result "1-0"]
[WhiteTitle "IM"]
[BlackTitle "WGM"]
[WhiteElo "2478"]
[BlackElo "2300"]
[WhiteFideId "4129725"]
[BlackFideId "1204327"]
[EventDate "2015.05.19"]

1. d4 Nf6 2. g3 g6 3. Bg2 Bg7 4. e4 d6 5. Ne2 O-O 6. O-O e5 7. Nbc3 c6 8. h3
Nbd7 9. Be3 Re8 10. d5 c5 11. Nb5 Nb6 12. a4 a6 13. Nbc3 Nbd7 14. Nc1 Rb8 15. a5
b5 16. axb6 Nxb6 17. Qe2 c4 18. Bxb6 Qxb6 19. Qxc4 a5 20. Na4 Qa7 21. Re1 Ba6
22. Qa2 Rec8 23. b3 Bh6 24. Rb1 Nd7 25. c4 Nb6 26. Nxb6 Qxb6 27. Nd3 Qd4 28.
Red1 Qb6 29. Rb2 Ra8 30. h4 f5 31. Qa4 Ra7 32. exf5 gxf5 33. c5 Qd8 34. c6 Qb6
35. Qa3 Bf8 36. Nc1 e4 37. b4 Bg7 38. Rb1 Bd4 39. Rxd4 Qxd4 40. b5 Qxd5 41. Bf1
Rg7 42. Qb3 Qxb3 43. Nxb3 a4 44. Nd4 Rb8 45. Nxf5 Rc7 46. b6 Kf8 47. Nd4 Bc8 48.
Bc4 Re7 49. Bd5 a3 50. b7 h6 51. bxc8=Q+ Rxc8 52. Ra1 Re5 53. Ne6+ Ke8 54. Nf4
e3 55. fxe3 Rxe3 56. Kf2 Rc3 57. Re1+ Kf8 58. Re2 Rb8 59. Ne6+ Kg8 60. c7 Rc8
61. Bb7 Re8 62. c8=Q Rexc8 63. Bxc8 Rxc8 64. Ra2 Rc3 65. Nd4 Kf7 66. Nb5 Rb3 67.
Nxd6+ 1-0

[Event "16th ch-EUR Indiv w 2015"]
[Site "Chakvi GEO"]
[Date "2015.05.30"]
[Round "11.10"]
[White "Mkrtchian, Lilit"]
[Black "Charkhalashvili, Inga"]
[Result "1-0"]
[WhiteTitle "IM"]
[BlackTitle "WGM"]
[WhiteElo "2459"]
[BlackElo "2318"]
[WhiteFideId "13300601"]
[BlackFideId "13601431"]
[EventDate "2015.05.19"]

1. c4 Nf6 2. g3 e6 3. Bg2 d5 4. Nf3 Nc6 5. cxd5 exd5 6. O-O Be7 7. d4 O-O 8. Nc3
Ne4 9. Bf4 Nxc3 10. bxc3 Na5 11. Nd2 c6 12. Qc2 Be6 13. Rfe1 h6 14. Rab1 Bd6 15.
Bxd6 Qxd6 16. e4 dxe4 17. Nxe4 Qc7 18. Nc5 Bd5 19. Re2 b6 20. Nd3 Rae8 21. Rbe1
Rxe2 22. Qxe2 Bxg2 23. Kxg2 Qd7 24. Nf4 c5 25. dxc5 Qc6+ 26. Qf3 Qxc5 27. Re4
Nc4 28. Rd4 Ne5 29. Qe4 Ng6 30. Nd5 Qc8 31. Rc4 Qa8 32. Rc7 Re8 33. Rxa7 Qd8 34.
Qd4 b5 35. Nc7 Qxd4 36. cxd4 Rb8 37. Ra8 Rxa8 38. Nxa8 Ne7 39. Nc7 b4 40. d5 Kf8
41. Kf3 Nf5 42. Ke4 g6 43. Na6 Ke7 44. Nxb4 Kd6 45. Nc2 f6 46. Ne3 Ne7 47. Kd4
Kd7 48. Kc5 1-0

[Event "16th ch-EUR Indiv w 2015"]
[Site "Chakvi GEO"]
[Date "2015.05.30"]
[Round "11.11"]
[White "Khurtsidze, Nino"]
[Black "Guramishvili, Sopiko"]
[Result "1/2-1/2"]
[WhiteTitle "IM"]
[BlackTitle "IM"]
[WhiteElo "2451"]
[BlackElo "2370"]
[WhiteFideId "13600320"]
[BlackFideId "13602888"]
[EventDate "2015.05.19"]

1. d4 Nf6 2. Nf3 g6 3. Bg5 Bg7 4. Nbd2 d6 5. e4 c5 6. d5 O-O 7. Bd3 e6 8. O-O
exd5 9. exd5 Qc7 10. c4 b5 11. cxb5 Bb7 12. Nc4 Re8 13. Bf4 Bf8 14. Qd2 Bxd5 15.
Rac1 Nbd7 16. Rfd1 Nb6 17. b4 Qd7 18. bxc5 Nxc4 19. Bxc4 Bxc4 20. c6 Qe6 21. Ng5
Qe2 22. Qc3 h6 23. Nh3 Bxb5 24. Qxf6 Bxc6 25. Bg3 Ba4 26. Rf1 Bb5 27. a3 Rac8
28. Kh1 Rxc1 29. Rxc1 Qd2 30. Rg1 Bc6 31. Bf4 Qd5 32. Be3 a6 33. Bd4 Re5 34.
Bxe5 dxe5 35. f3 Bxa3 36. Re1 Bd6 37. Nf2 Qd2 38. Rd1 Qxf2 39. Qxd6 Bxf3 40.
gxf3 Qxf3+ 41. Kg1 Qe3+ 42. Kg2 Qe2+ 43. Kg3 Qe3+ 44. Kg2 Qe2+ 1/2-1/2

[Event "16th ch-EUR Indiv w 2015"]
[Site "Chakvi GEO"]
[Date "2015.05.30"]
[Round "11.12"]
[White "Zawadzka, Jolanta"]
[Black "Kovalevskaya, Ekaterina"]
[Result "0-1"]
[WhiteTitle "WGM"]
[BlackTitle "IM"]
[WhiteElo "2434"]
[BlackElo "2450"]
[WhiteFideId "1122320"]
[BlackFideId "4116704"]
[EventDate "2015.05.19"]

1. e4 c5 2. Nf3 d6 3. d4 cxd4 4. Nxd4 Nf6 5. Nc3 Nc6 6. Bg5 e6 7. Bb5 Bd7 8.
Bxc6 Bxc6 9. Nxc6 bxc6 10. e5 dxe5 11. Qf3 e4 12. Nxe4 Qa5+ 13. Nc3 Nd5 14. O-O
Be7 15. Bd2 Qc7 16. Ne2 Bf6 17. Rab1 O-O 18. c4 Ne7 19. Rfd1 Rfd8 20. b4 Rd7 21.
Bf4 Rad8 22. Ng3 e5 23. Be3 Ng6 24. h3 Be7 25. a3 Nh4 26. Qh5 f5 27. Rxd7 Qxd7
28. Bg5 Ng6 29. Re1 Bxg5 30. Qxg5 Rf8 31. h4 f4 32. Nf1 f3 33. g3 Rf6 34. h5 h6
35. Qd2 Qh3 36. Ne3 Nf4 37. Qd8+ Rf8 38. Qd1 Ng2 39. Nc2 Nxe1 40. Nxe1 Qxh5 41.
Qd6 e4 42. Qe6+ Qf7 43. Qxe4 Re8 44. Qb1 Re2 45. Qd1 Qf6 46. c5 Qc3 47. Kf1 Qc4
48. Kg1 Qd5 49. Qa1 Qe4 50. Kf1 Rxf2+ 0-1

[Event "16th ch-EUR Indiv w 2015"]
[Site "Chakvi GEO"]
[Date "2015.05.30"]
[Round "11.13"]
[White "Charochkina, Daria"]
[Black "Abdulla, Khayala"]
[Result "1-0"]
[WhiteTitle "WGM"]
[BlackTitle "WIM"]
[WhiteElo "2391"]
[BlackElo "2266"]
[WhiteFideId "4180917"]
[BlackFideId "13401807"]
[EventDate "2015.05.19"]

1. Nf3 Nf6 2. g3 b5 3. Bg2 Bb7 4. O-O e6 5. d4 c5 6. c3 d5 7. a4 b4 8. a5 Na6 9.
cxb4 cxb4 10. Ne5 Bd6 11. Qa4+ Nd7 12. Bf4 Bxe5 13. Bxe5 O-O 14. Qb5 Qc8 15. Bd6
Re8 16. Nd2 Bc6 17. Qd3 Qb7 18. Rfe1 Rac8 19. Qb3 Nf6 20. f3 Red8 21. Be5 Nd7
22. Bf4 Re8 23. e4 e5 24. Bxe5 Nxe5 25. dxe5 dxe4 26. Nxe4 Bxe4 27. Rxe4 Qc7 28.
Qe3 Nc5 29. Rc1 Re6 30. Bh3 Rc6 31. Rec4 1-0

[Event "16th ch-EUR Indiv w 2015"]
[Site "Chakvi GEO"]
[Date "2015.05.30"]
[Round "11.14"]
[White "Ushenina, Anna"]
[Black "Gvetadze, Sofio"]
[Result "0-1"]
[WhiteTitle "GM"]
[BlackTitle "IM"]
[WhiteElo "2467"]
[BlackElo "2319"]
[WhiteFideId "14110911"]
[BlackFideId "13601440"]
[EventDate "2015.05.19"]

1. d4 d5 2. c4 e6 3. Nc3 Bb4 4. Nf3 Nf6 5. e3 O-O 6. Bd3 c5 7. O-O Nc6 8. a3
Bxc3 9. bxc3 dxc4 10. Bxc4 Qc7 11. Bb5 b6 12. a4 Bb7 13. Ba3 Rfd8 14. Qe2 Na5
15. Nd2 e5 16. dxc5 bxc5 17. Rfd1 Rd6 18. Nc4 Rxd1+ 19. Rxd1 a6 20. Nxa5 Qxa5
21. Bc4 Qxa4 22. Ra1 Rd8 23. f3 Bd5 24. Bxa6 c4 25. Bb2 Qc6 26. e4 Be6 27. Ra3
h6 28. Bc1 Qc5+ 29. Qe3 Qc7 30. h3 Rd3 31. Qe2 Qb6+ 32. Kh2 Kh7 33. Qb2 Qc5 34.
Bb5 Rd1 35. Ra1 Qg1+ 36. Kg3 g5 37. Bxg5 hxg5 38. Rxd1 Nh5# 0-1